[Event "Maarssen OKU op-B"]
[Site "Maarssen"]
[Date "2013.06.02"]
[Round "5"]
[White "Halve, Gerard"]
[Black "Volkers, Kees"]
[Result "1-0"]
[WhiteElo "1746"]
[BlackElo "1776"]
[PlyCount "105"]
[EventDate "2013.05.31"]
[EventType "swiss"]
[EventRounds "6"]
[EventCountry "NED"]
[SourceTitle "EXT 2015"]
[Source "ChessBase"]
[SourceDate "2014.11.20"]
[SourceVersion "1"]
[SourceVersionDate "2014.11.20"]
[SourceQuality "1"]

1. e4 c5 2. Nc3 e6 3. f4 a6 4. Nf3 g6 5. d3 Bg7 6. g3 Ne7 7. Bg2 Nbc6 8. e5 d6 9. exd6 Qxd6 10. Ne4 Qc7 11. c3 b6 12. 0-0 0-0 13. Kh1 Bb7 14. Be3 Rad8 15. Qe2 Nf5 16. Bf2 a5 17. g4 Ba6 18. Ne1 Nfe7 19. Bg3 Qd7 20. c4 Nd4 21. Qe3 Rfe8 22. Bh4 Nef5 23. gxf5 Nxf5 24. Qh3 Nxh4 25. Qxh4 Qe7 26. Qf2 h6 27. Rb1 f5 28. Nd2 e5 29. Bd5+ Kh7 30. fxe5 Qxe5 31. Ndf3 Qe7 32. Rg1 Bb7 33. Bxb7 Qxb7 34. Qg2 Qf7 35. Qh3 Kg8 36. Nh4 Rd6 37. Qf3 Rde6 38. Neg2 Re2 39. Nf4 R8e3 40. Qc6 Rf2 41. Nhxg6 Ree2 42. Nxe2 Rxe2 43. Nf4 Rf2 44. Ne6 Rxh2+ 45. Kxh2 Qh5+ 46. Kg2 Qe2+ 47. Kg3 Qg4+ 48. Kf2 Qh4+ 49. Ke2 Qh5+ 50. Qf3 Qh2+ 51. Rg2 Qe5+ 52. Qe3 Qd6 53. Rxg7+ 1-0

[Event "Maarssen OKU op-B"]
[Site "Maarssen"]
[Date "2013.06.01"]
[Round "2"]
[White "Volkers, Kees"]
[Black "Gerritse, Youri"]
[Result "1/2-1/2"]
[WhiteElo "1776"]
[BlackElo "1884"]
[PlyCount "62"]
[EventDate "2013.05.31"]
[EventType "swiss"]
[EventRounds "6"]
[EventCountry "NED"]
[SourceTitle "EXT 2015"]
[Source "ChessBase"]
[SourceDate "2014.11.20"]
[SourceVersion "1"]
[SourceVersionDate "2014.11.20"]
[SourceQuality "1"]

1. e4 Nc6 2. Nf3 d5 3. exd5 Qxd5 4. Nc3 Qa5 5. Bb5 Bd7 6. 0-0 a6 7. Bc4 Nf6 8. d4 0-0-0 9. d5 Bg4 10. h3 Ne5 11. hxg4 Nxc4 12. Qd4 Nd6 13. Ne5 Nd7 14. Bd2 Nxe5 15. Qxe5 Nc4 16. Qf4 Nxd2 17. Qxd2 e6 18. Rad1 exd5 19. Qf4 Rd7 20. Qf5 c6 21. a3 Bxa3 22. Nxd5 cxd5 23. bxa3 g6 24. Qe5 Rhd8 25. Rd3 Qb6 26. Rfd1 Qd6 27. Qd4 Rc7 28. Qa7 Rc5 29. Rb3 Qc7 30. Rxb7 Qxb7 31. Qxc5+ Qc7 1/2-1/2

[Event "Utrecht OKU op-B"]
[Site "Utrecht"]
[Date "2000.05.21"]
[Round "5"]
[White "Volkers, Kees"]
[Black "De Jager, Leo"]
[Result "0-1"]
[WhiteElo "1795"]
[BlackElo "1781"]
[PlyCount "86"]
[EventDate "2000.05.??"]
[EventType "swiss"]
[EventRounds "6"]
[EventCountry "NED"]
[SourceTitle "EXT 2002"]
[Source "ChessBase"]
[SourceDate "2001.11.25"]
[SourceVersion "1"]
[SourceVersionDate "2001.11.25"]
[SourceQuality "1"]

1. e4 e6 2. g3 d5 3. Bg2 c5 4. exd5 exd5 5. d4 Be6 6. Nf3 Nc6 7. 0-0 Nf6 8. Re1 h6 9. c3 Qb6 10. b3 cxd4 11. Nxd4 Nxd4 12. Be3 Bc5 13. Bxd4 Bxd4 14. Qxd4 Qxd4 15. cxd4 Rc8 16. Na3 Kd7 17. Rac1 a6 18. Nc2 Rc3 19. Ne3 Rhc8 20. Rxc3 Rxc3 21. Rd1 Kc6 22. h3 Kb5 23. Rd2 Rc1+ 24. Bf1+ Kb4 25. f3 Bxh3 26. Kf2 Bxf1 27. Nxf1 Kc3 28. Re2 Rc2 29. Rxc2+ Kxc2 30. Ke3 Kb2 31. Kd3 Kxa2 32. Kc3 a5 33. Ne3 g6 34. b4 b6 35. Nd1 Nh5 36. bxa5 bxa5 37. Ne3 Nxg3 38. Nxd5 Nf5 39. Nf4 h5 40. d5 h4 41. Nh3 a4 42. f4 a3 43. Kc2 Ne3+ 0-1